00862nam a22002417a 450000500170000001000130001702000220003003500130005203700160006504000120008108200160009310000280010924500970013726000410023427000100027530000210028550000200030665000400032665000220036694200250038899900190041395201880043220170124105938.0 aA-948856 c00.00a0195648897 aA-948856 bCen Lib/Ret aDPLbEN a320.542BHA aBharucha, Rustom910609 aIn the name of the secular :cby Rustom Bharucha bcontemporary cultural activism in India / aDelhibOxford university pressc1998 bDelhi a197p. c21cm(Hb) aIncludes index  aCultural developmentzIndia 910610 aSecularism910611 2ddccENh320.54mBHA c124393d124393 04104070aLbLd2015-06-16eCen Lib/Retg0.00l0o320.54 BHApA-948856r2015-06-16 00:00:00t1v0.00w2015-06-16yENzWritten off on approval by DLB (By Circulation); dtd 15-06-2023